Occupational safety and health : the prevention and control of work-related hazards /

Bibliographic Details
Main Author: Goldsmith, Frank
Other Authors: Kerr, Lorin E., 1909-, Albert, Marilyn
Format: Book
Language:English
Published: New York, N.Y. : Human Sciences Press, [1982]
Subjects:

MARC

Tag First Indicator Second Indicator Subfields
LEADER 00000pam a2200000 a 4500
001 in00000090190
005 20151008065623.0
008 811105s1982 nyu b 00110 eng
010 |a  81020034  
020 |a 0898850924 
020 |z 089885086X 
035 |a (OCoLC)07977077 
035 |9 AAK6276AM 
039 0 |a 2  |b 3  |c 3  |d 3  |e 3 
040 |a DLC  |c DLC  |d TXA  |d UtOrBLW 
043 |a n-us--- 
049 |a TXAM  |c [1362655] 
050 0 0 |a T55  |b  G587 1982 
060 0 |a WA 485 G6240 
082 0 |a 363.1/16  |2 19 
100 1 |a Goldsmith, Frank. 
245 1 0 |a Occupational safety and health :  |b the prevention and control of work-related hazards /  |c Frank Goldsmith, Lorin E. Kerr ; edited by Marilyn Albert. 
264 1 |a New York, N.Y. :  |b Human Sciences Press,  |c [1982] 
264 4 |c ©1982 
300 |a 320 pages ;  |c 22 cm. 
336 |a text  |b txt  |2 rdacontent 
337 |a unmediated  |b n  |2 rdamedia 
338 |a volume  |b nc  |2 rdacarrier 
500 |a Includes index. 
504 |a Bibliography: pages 312-315. 
650 0 |a Industrial safety. 
650 2 |a Accidents, Occupational  |x prevention & control  |z United States. 
650 2 |a Occupational Medicine  |z United States. 
700 1 |a Kerr, Lorin E.,  |d 1909- 
700 1 |a Albert, Marilyn. 
999 |a MARS 
999 f f |s dfc4670c-7bd0-312b-89aa-f57da651937e  |i 834ade8b-2aef-300a-8398-74fad1f66b46  |t 0 
952 f f |p ric  |a Texas A&M University  |b Rellis Campus  |c Joint Library Facility  |d Remote Storage  |t 0  |e T55 G587 1982  |h Library of Congress classification  |i unmediated -- volume  |m A14806003265 
998 f f |a T55 G587 1982  |t 0  |l Remote Storage